00721nam a2200181 4500001000700000003000900007007000300016008004100019100002700060245013000087260004100217300002800258505005700286700002900343852002400372999001900396952012400415109998ES-MaACLt|061121s19041906fr r ||||1| fre d1 aMoissan, Henri.98181710aTraité de Chimie Minerale / cpublié sous la direction de Henri Moissan; secrétaire de la rédaction, Marcel Guichard. aParis : bMasson et Cie., c1904-06. a5 v. : bil. ; c25 cm.8 aContiene: t. I-II: Métalloides; t. III-V: Métaux1 aGuichard, Marcel.960645 aES-MaACLjG-5429-33 c109998d109998 00104070aATENEOMbATENEOMcDEPO2d2008-01-17eSCl0oG-5429-33p1114767r2023-02-23 00:00:00w2023-02-23yMONOGRAFIA